| 000 | 00507nam a2200157 i 4500 | ||
|---|---|---|---|
| 001 | 57410 | ||
| 003 | ES-MaACL | ||
| 007 | t| | ||
| 008 | 031016s1946 it ||||1| ita d | ||
| 100 | 1 |
_aDrigo, Angelo. _945642 |
|
| 245 | 1 | 0 |
_aFísica sperimentale e applicata alla medicina e alla biologia / _cAngelo Drigo. |
| 250 | _a[4ª ed.]. | ||
| 260 |
_aPadova : _bRicardo Zannoni, _c[1946] ( _fImp. del Seminario) |
||
| 300 |
_aXVII, 616 p. ; _c24 cm + _e1 folleto (35 lám.) |
||
| 852 |
_aES-MaACL _jE-2327 _bR.24040 |
||
| 999 |
_c57410 _d57410 |
||